000
002330000a22000970004500
100
1
_a
Miller, Randy
245
1
0
_a
In Uganda : Orphaned, but not abandoned
300
_a
Núm 47 (1995), Páginas 14-17
773
0
_t
Together
942
_c
ANA
999
_c
57210
_d
57210